000 01508cam a2200301 i 4500
001 16166
003 DO-SdUEMH
005 20260115202601.0
007 ta
008 211105s1999 dr a|||gr|||| 000 0 spa|d
040 _aDO-SdUEMH
_bspa
_erda
041 _aspa
082 1 4 _aRD307.767293693 R426B
_bR426pu
_mRD
084 _b08-01024
100 _aCorral, Julio C.
_eaut
245 1 0 _aLineamientos de políticas de desarrollo urbano para la ciudad de Santiago de los Caballeros /
_cJulio C. Corral, Rosa A. María, Yessika Vargas, Martha E. Báez ; prólogo: Mercedes Sabater de Macarrulla ; editor: Rosa A. María
246 _aSantiago de los Caballeros :
_blineamientos de políticas de desarrollo urbano
260 _c2000
264 0 1 _aSantiago de los Caballeros :
_bCEUR / PUCMM,
_c2000
300 _a230 páginas :
_bilustraciones ;
_c27 cm.
336 _2rdacontent
_atexto
_btxt
337 _2rdamedia
_asin mediación
_bn
338 _2rdacarrier
_avolumen
_bnc
504 _aBibliografías en paginas 175-176-177
505 2 _aIntroducción -- La ciudad de Santiago en la región -- Caracterización de la ciudad de Santiago de los Caballeros -- Organización y cobertura de otros servicios básicos (públicos y privados) -- Tendencias actuales de la ciudad de Santiago de los Caballeros -- Hacia un futuro más sustentable de la ciudad de Santiago: lineamientos de políticas de desarrollo urbano y propuestas de proyectos -- Recomendaciones finales.
942 _2ddc
_cBK
_n0
999 _c16166
_d16166